Normal view
MARC view
Entry Personal Name
001 - CONTROL NUMBER
- control field: 3706
003 - CONTROL NUMBER IDENTIFIER
- control field: OSt
005 - DATE AND TIME OF LATEST TRANSACTION
- control field: 20260305153902.0
008 - FIXED-LENGTH DATA ELEMENTS
- fixed length control field: 260305|| aca||aabn | a|a d
040 ## - CATALOGING SOURCE
- Original cataloging agency: OSt
- Transcribing agency: OSt
100 ## - HEADING--PERSONAL NAME
- Personal name: Gadhvi, Dev
670 ## - SOURCE DATA FOUND
- Source citation: Work cat.: (OSt)1882: Gadhvi, Dev author, 20% Skills 80% Mindset /, 2025